| 000 | 00646nam a2200217 a 4500 | ||
|---|---|---|---|
| 005 | 20250903063916.0 | ||
| 008 | 130910s2011 mx r 000 0 spa d | ||
| 020 | _a9786071111623 | ||
| 035 | _aUPN01000192741 | ||
| 049 | _aCG | ||
| 050 | 4 |
_aPQ7298.28 I9.2 _bA4.6 |
|
| 100 | 1 |
_aRivas, Beatriz, _d1965- _934263 |
|
| 245 | 1 | 0 |
_aAmores adĂșlteros-- el final / _cBeatriz Rivas, Federico Traeger. |
| 260 |
_aMéxico : _bAlfaguara, _c2011. |
||
| 300 | _a255 p. | ||
| 650 | 4 |
_aNovela mexicana _ySiglo XXI _916447 |
|
| 650 | 4 |
_aLiteratura mexicana _ySiglo XXI _917492 |
|
| 700 | 1 |
_aTraeger, Federico, _ecoaut. |
|
| 905 | _aLibro | ||
| 999 |
_c164843 _d164843 |
||